| 000 | 00653nam a2200205 4500 | ||
|---|---|---|---|
| 001 | 117787 | ||
| 003 | ES-MaACL | ||
| 005 | 20250829115453.0 | ||
| 007 | t| | ||
| 008 | 070214s1914 fr r ||||1| fre d | ||
| 100 | 1 |
_aPéguy, Charles. _989969 |
|
| 245 | 1 | 0 |
_aNote sur M. Bergson et la philosophie bergsonienne / _cCharles Péguy. |
| 260 |
_aParis : _b[s.n.], _c1914 ( _fSuresnes. J. Cremieu) |
||
| 300 |
_a100 p. ; _c19 cm. |
||
| 490 | 1 |
_aCahiers de la quinzaine ; _v8 |
|
| 600 | 1 | 4 |
_aBergson, Henri- _xCrítica e interpretación. _928014 |
| 830 | 1 | 0 |
_aCahiers de la quinzaine _v8 _9219092 |
| 852 |
_aES-MaACL _jG-1083 |
||
| 999 |
_c117787 _d117787 |
||